[Event "ch-ISR w 2014"]
[Site "Beer-Sheva ISR"]
[Date "2014.06.22"]
[Round "5.4"]
[White "Haitovich, Avital"]
[Black "Caspi, Tamar"]
[Result "0-1"]
[WhiteElo "1870"]
[BlackElo "1701"]
[WhiteFideId "2800306"]
[BlackFideId "2811421"]
[EventDate "2014.06.17"]

1. e4 d5 2. exd5 Qxd5 3. Nf3 Nf6 4. d4 g6 5. c4 Qd6 6. Nc3 c6 7. c5 Qd8 8. Bc4
Bg7 9. O-O O-O 10. h3 b6 11. cxb6 axb6 12. Re1 Bb7 13. Qe2 e6 14. Bg5 Nbd7 15.
Qe3 b5 16. Bb3 Qb6 17. Bh6 c5 18. Bxg7 Kxg7 19. dxc5 Nxc5 20. a3 Bxf3 21. gxf3
b4 22. Ne4 Nfxe4 23. fxe4 bxa3 24. Rxa3 Rxa3 25. bxa3 Qxb3 26. Qxc5 Qxh3 27. a4
Rd8 28. Qe5+ Kg8 29. Qc7 Qg4+ 30. Kf1 Rd3 31. Qb8+ Kg7 32. Qe5+ Kh6 33. Qb2 Kh5
34. Qc1 0-1

[Event "ch-ISR w 2014"]
[Site "Beer-Sheva ISR"]
[Date "2014.06.22"]
[Round "5.5"]
[White "Reprun, Nadejda"]
[Black "Brusilovski, Lena"]
[Result "1/2-1/2"]
[WhiteElo "2109"]
[BlackElo "2006"]
[WhiteFideId "2806843"]
[BlackFideId "2803216"]
[EventDate "2014.06.17"]

1. e4 e6 2. d4 d5 3. Nd2 Nf6 4. e5 Nfd7 5. Bd3 c5 6. c3 Nc6 7. Ne2 Be7 8. O-O
Qc7 9. Nf3 h6 10. Be3 b6 11. Rc1 c4 12. Bb1 Nf8 13. Nd2 Bd7 14. Bc2 Bd8 15. b3
Na5 16. bxc4 Nxc4 17. Nxc4 dxc4 18. Be4 Rc8 19. Ng3 Nh7 20. f4 O-O 21. f5 exf5
22. Nxf5 Bxf5 23. Bxf5 Rb8 24. Qg4 Kh8 25. Bxh7 Kxh7 26. Rce1 Qe7 27. e6 fxe6
28. Rxf8 Qxf8 29. Qxe6 b5 30. Bxh6 Rb6 31. Qe8 Qxe8 32. Rxe8 Kxh6 33. Rxd8 Ra6
34. Rd5 Rxa2 35. Rxb5 Ra3 36. Rb4 1/2-1/2

[Event "ch-ISR w 2014"]
[Site "Beer-Sheva ISR"]
[Date "2014.06.23"]
[Round "6.1"]
[White "Vasiliev, Olga"]
[Black "Brusilovski, Lena"]
[Result "1-0"]
[WhiteTitle "WIM"]
[WhiteElo "2261"]
[BlackElo "2006"]
[WhiteFideId "2807602"]
[BlackFideId "2803216"]
[EventDate "2014.06.17"]

1. e4 c5 2. Nf3 d6 3. c3 Nc6 4. Bd3 g6 5. O-O Bg7 6. Bc2 Nf6 7. h3 O-O 8. d4
cxd4 9. cxd4 Bd7 10. Nc3 Rc8 11. Re1 Qc7 12. Bg5 e6 13. Rc1 a6 14. Bb1 Qb8 15.
Qd2 Na7 16. e5 Nd5 17. Nxd5 exd5 18. Be7 Rfe8 19. Bxd6 Qa8 20. Bd3 Nc6 21. Qf4
h6 22. h4 h5 23. Ng5 Be6 24. g4 hxg4 25. h5 gxh5 26. Nh7 Ne7 27. Nf6+ Kf8 28.
Qg5 Red8 29. Nh7+ 1-0

[Event "ch-ISR w 2014"]
[Site "Beer-Sheva ISR"]
[Date "2014.06.23"]
[Round "6.2"]
[White "Caspi, Tamar"]
[Black "Reprun, Nadejda"]
[Result "1-0"]
[WhiteElo "1701"]
[BlackElo "2109"]
[WhiteFideId "2811421"]
[BlackFideId "2806843"]
[EventDate "2014.06.17"]

1. e4 c6 2. Nc3 d5 3. Nf3 Bg4 4. h3 Bxf3 5. Qxf3 Nf6 6. d3 e6 7. g4 Bb4 8. a3
Qa5 9. Bd2 d4 10. Nb1 Bxd2+ 11. Nxd2 Nbd7 12. b4 Qc7 13. Be2 O-O 14. O-O a5 15.
g5 Ne8 16. Nc4 axb4 17. axb4 Rxa1 18. Rxa1 Nb6 19. Qg3 Qd8 20. Qe5 Nd7 21. Qg3
Nb6 22. h4 Nxc4 23. dxc4 g6 24. c5 b6 25. Ra6 bxc5 26. bxc5 Qd7 27. Bc4 Qb7 28.
Rb6 Qa8 29. Ba6 Ng7 30. Qd6 Rd8 31. Qxc6 Qxc6 32. Rxc6 e5 33. Bc4 Kf8 34. Rf6
Rd7 35. c6 Rc7 36. Rxf7+ Rxf7 37. Bxf7 Ke7 38. Bg8 Ne6 39. Bxh7 Kf7 40. h5 gxh5
41. Bf5 1-0

[Event "ch-ISR w 2014"]
[Site "Beer-Sheva ISR"]
[Date "2014.06.23"]
[Round "6.4"]
[White "Tsifanskaya, Ludmila A"]
[Black "Altshul, Limor"]
[Result "1/2-1/2"]
[WhiteTitle "WIM"]
[WhiteElo "2113"]
[BlackElo "1886"]
[WhiteFideId "2802368"]
[BlackFideId "2812550"]
[EventDate "2014.06.17"]

1. Nf3 d5 2. g3 g6 3. Bg2 Bg7 4. d4 c6 5. O-O Nf6 6. c4 dxc4 7. Na3 b5 8. Ne5
Nd5 9. Nc2 O-O 10. a4 Bb7 11. e4 Nc7 12. Nf3 Nd7 13. Bd2 e5 14. Ba5 exd4 15.
Nfxd4 Nb6 16. e5 Qd7 17. axb5 Qe7 18. bxc6 Ba6 19. Bb4 Qxe5 20. Bxf8 Rxf8 21.
Re1 Qc5 22. b4 cxb3 23. Nxb3 Qg5 24. Ra5 Qf6 25. Nc5 Rd8 26. Qf3 Qxf3 27. Bxf3
Bc3 28. Nxa6 Bxa5 29. Ra1 Nc4 30. Rxa5 Nxa5 31. Nxc7 Nxc6 32. Bxc6 Rc8 33. Nd5
Kf8 34. Ncb4 a5 35. Nb6 Rc7 36. N6d5 Rc8 37. Kg2 axb4 38. Nxb4 Kg7 39. Bf3 Re8
40. Nd5 h5 41. h3 Re5 42. Ne3 Rc5 43. g4 hxg4 44. hxg4 f6 45. Kg3 g5 46. Be4 Ra5
47. Kf3 Ra2 48. Nf5+ Kf8 49. Ke3 Rb2 50. f3 Rb4 51. Nd4 Ra4 52. Bc6 Ra5 53. Be4
Ra4 54. Bd3 Ra5 55. Bb5 Ra1 56. Ke4 Re1+ 57. Kf5 Kg7 58. Be2 Rb1 59. Ne6+ Kf7
60. Bc4 Ke7 61. Nd4 1/2-1/2

[Event "ch-ISR w 2014"]
[Site "Beer-Sheva ISR"]
[Date "2014.06.23"]
[Round "6.5"]
[White "Len, Irina"]
[Black "Vardi, Shlomit"]
[Result "1/2-1/2"]
[WhiteElo "2143"]
[BlackElo "1974"]
[WhiteFideId "2805715"]
[BlackFideId "2801442"]
[EventDate "2014.06.17"]

1. d4 Nf6 2. c4 g6 3. Nc3 Bg7 4. e4 d6 5. f3 O-O 6. Be3 Nbd7 7. Qd2 c5 8. Nge2
a6 9. Ng3 Qa5 10. Be2 cxd4 11. Bxd4 Ne5 12. O-O Nc6 13. Be3 Be6 14. b3 Ng4 15.
fxg4 Bxc3 16. Qd1 Bxa1 17. Qxa1 Qe5 18. Qc1 Rfc8 19. Kh1 a5 20. Bf4 Qc5 21. Be3
Qe5 22. Bf4 Qc5 23. Be3 Qe5 24. Bf4 1/2-1/2

[Event "ch-ISR w 2014"]
[Site "Beer-Sheva ISR"]
[Date "2014.06.25"]
[Round "7.1"]
[White "Vardi, Shlomit"]
[Black "Vasiliev, Olga"]
[Result "0-1"]
[BlackTitle "WIM"]
[WhiteElo "1974"]
[BlackElo "2261"]
[WhiteFideId "2801442"]
[BlackFideId "2807602"]
[EventDate "2014.05.17"]

1. e4 c5 2. Nc3 Nc6 3. g3 g6 4. Bg2 Bg7 5. Nge2 d6 6. O-O h5 7. Nd5 h4 8. c3
hxg3 9. fxg3 Bg4 10. Rf2 Qd7 11. d3 Nf6 12. Bg5 Nh7 13. Bf4 e6 14. Ne3 Bxe2 15.
Qxe2 e5 16. Nd5 exf4 17. Rxf4 O-O-O 18. a4 Be5 19. Rff1 Ng5 20. Rfd1 Nh3+ 21.
Kf1 f5 22. exf5 Qxf5+ 23. Ke1 Rdf8 24. Rd2 Bg7 25. Ne3 Qd7 26. Qd1 Bh6 27. Re2
Ng1 0-1

[Event "ch-ISR w 2014"]
[Site "Beer-Sheva ISR"]
[Date "2014.06.25"]
[Round "7.2"]
[White "Altshul, Limor"]
[Black "Len, Irina"]
[Result "0-1"]
[WhiteElo "1886"]
[BlackElo "2143"]
[WhiteFideId "2812550"]
[BlackFideId "2805715"]
[EventDate "2014.05.17"]

1. c4 f5 2. Nf3 Nf6 3. g3 g6 4. Bg2 Bg7 5. O-O O-O 6. Nc3 d6 7. d4 Qe8 8. Qb3 a5
9. Rd1 Na6 10. a3 e5 11. dxe5 dxe5 12. Qb5 e4 13. Nd4 Qf7 14. Qxa5 Qxc4 15. Qb5
Qf7 16. Bf4 Nh5 17. Be3 c5 18. Nc2 Be6 19. Bxc5 Bc4 20. Qb6 Nxc5 21. Qxc5 Bb3
22. Rd2 Bh6 23. Ne3 Rfc8 24. Qb6 Bf8 25. Ncd5 Ba4 26. Qd4 Bg7 27. Qb4 Bf8 28.
Qd4 Bb3 29. Qb6 Ba4 30. Qd4 Ra6 31. Nc3 Rd6 32. Ned5 Bb3 33. f3 Rxd5 34. Nxd5
Bc5 0-1

[Event "ch-ISR w 2014"]
[Site "Beer-Sheva ISR"]
[Date "2014.06.25"]
[Round "7.4"]
[White "Reprun, Nadejda"]
[Black "Bejashvili, Irma"]
[Result "1-0"]
[WhiteElo "2109"]
[BlackElo "1736"]
[WhiteFideId "2806843"]
[BlackFideId "2810662"]
[EventDate "2014.05.17"]

1. e4 c5 2. Nf3 e6 3. d4 cxd4 4. Nxd4 Nf6 5. Nc3 d6 6. Be3 Bd7 7. f3 a6 8. a4
Be7 9. Be2 Nc6 10. Qd2 Rc8 11. O-O O-O 12. Rfd1 Qc7 13. Bf1 Ne5 14. Qf2 Nc4 15.
Bxc4 Qxc4 16. Nb3 Qb4 17. Rd4 Rc4 18. Rxc4 Qxc4 19. Rd1 b5 20. axb5 axb5 21. Rd4
Qc7 22. Qe2 Rb8 23. Na2 d5 24. Nb4 Rc8 25. c3 dxe4 26. fxe4 Bd6 27. g3 Bxg3 28.
hxg3 Qxg3+ 29. Kf1 Ng4 30. Bg1 Ne5 31. Bh2 Qh3+ 32. Qg2 Qf3+ 33. Qxf3 Nxf3 34.
Rxd7 Nxh2+ 35. Kg2 Ng4 36. Nd4 Ne3+ 37. Kf3 Nc4 38. Nd3 g5 39. Nxb5 Rc6 40. Rc7
Rxc7 41. Nxc7 h5 42. e5 Kg7 43. Nb5 f5 44. exf6+ Kxf6 45. Na3 Nd2+ 46. Ke3 Nb3
47. c4 h4 48. c5 e5 49. c6 Nd4 50. c7 Nf5+ 51. Kf2 Nd6 52. Nc4 Nc8 53. Ndxe5 Ke6
54. Kf3 Kd5 55. b4 h3 56. Kg3 g4 57. b5 Ne7 58. Kh2 Kc5 59. b6 Kd5 1-0

[Event "ch-ISR w 2014"]
[Site "Beer-Sheva ISR"]
[Date "2014.06.25"]
[Round "7.5"]
[White "Brusilovski, Lena"]
[Black "Caspi, Tamar"]
[Result "0-1"]
[WhiteElo "2006"]
[BlackElo "1701"]
[WhiteFideId "2803216"]
[BlackFideId "2811421"]
[EventDate "2014.05.17"]

1. e4 d5 2. exd5 Qxd5 3. Nc3 Qd6 4. Nf3 Nf6 5. d4 g6 6. g3 Bg7 7. Bg2 O-O 8. O-O
c6 9. Re1 Bg4 10. h3 Bf5 11. Qe2 Re8 12. a3 Qe6 13. Qd1 Qc8 14. g4 Bd7 15. Bg5
h5 16. Nh2 hxg4 17. h4 Be6 18. Qd2 Na6 19. Nf1 Nc7 20. Ng3 Ncd5 21. Nxd5 Nxd5
22. Re4 Nf6 23. Re2 Qd7 24. Rd1 Rad8 25. c3 Bc4 26. Ree1 Bb3 27. Rc1 Bd5 28. Bf1
Bf3 29. Bh6 e5 30. Bxg7 Kxg7 31. h5 exd4 32. Qg5 Ne4 33. Rxe4 Bxe4 34. h6+ Kh7
35. Nh5 Qf5 36. Nf6+ Kh8 37. Qxf5 gxf5 38. Nxe8 Rxe8 39. cxd4 Re6 40. Bc4 Rxh6 0-1

[Event "ch-ISR w 2014"]
[Site "Beer-Sheva ISR"]
[Date "2014.06.25"]
[Round "8.1"]
[White "Vasiliev, Olga"]
[Black "Caspi, Tamar"]
[Result "1-0"]
[WhiteTitle "WIM"]
[WhiteElo "2261"]
[BlackElo "1701"]
[WhiteFideId "2807602"]
[BlackFideId "2811421"]
[EventDate "2014.05.17"]

1. e4 e5 2. Bc4 Nf6 3. d4 Nxe4 4. dxe5 Qe7 5. Qd4 Nc5 6. Nf3 Nc6 7. Qe3 Nb4 8.
Na3 d5 9. exd6 Qxe3+ 10. Bxe3 Bxd6 11. O-O-O O-O 12. Nb5 Bf5 13. a3 Nxc2 14.
Bxc5 Bxc5 15. Rd5 Be3+ 16. fxe3 Nxe3 17. Re5 Rfe8 18. Bb3 Bg6 19. g3 a6 20. Nxc7
Rxe5 21. Nxe5 Rc8 22. Kd2 Nf5 23. Nd5 Re8 24. Nxg6 hxg6 25. Kd3 Kf8 26. Rc1 Rd8
27. Rc7 1-0

[Event "ch-ISR w 2014"]
[Site "Beer-Sheva ISR"]
[Date "2014.06.25"]
[Round "8.2"]
[White "Bejashvili, Irma"]
[Black "Brusilovski, Lena"]
[Result "1/2-1/2"]
[WhiteElo "1736"]
[BlackElo "2006"]
[WhiteFideId "2810662"]
[BlackFideId "2803216"]
[EventDate "2014.05.17"]

1. d4 Nf6 2. c4 g6 3. Nc3 Bg7 4. e4 d6 5. Be2 O-O 6. Nf3 Nbd7 7. O-O e5 8. d5
Nc5 9. Qc2 a5 10. Rd1 Nfd7 11. Bg5 f6 12. Bh4 Rf7 13. b3 Bf8 14. a3 Be7 15. b4
axb4 16. axb4 Rxa1 17. Rxa1 Na6 18. Rb1 f5 19. Bxe7 Qxe7 20. exf5 gxf5 21. Nb5
Nf6 22. Nc3 Rg7 23. Kh1 Ng4 24. Nd1 e4 25. Nd4 Ne5 26. Ne3 Qg5 27. g3 c5 28.
dxc6 bxc6 29. c5 d5 30. b5 Nb8 31. bxc6 Nbxc6 32. Nxc6 Nxc6 33. Nxd5 Ne5 34. Ne3
Nc6 35. Nd5 h5 36. Qa4 Bb7 37. Nf4 Qe7 38. Nxh5 Rh7 39. Nf4 Qxc5 40. Qc4+ Qxc4
41. Bxc4+ Kf8 42. Ne6+ Ke8 43. Nc5 Ne5 44. Bb5+ Bc6 45. Bxc6+ Nxc6 46. Rb6 Ne7
47. Kg2 Rg7 48. Ne6 Rg6 49. Rb8+ Kf7 50. Nf4 Rd6 51. Rb7 Ke8 52. h4 Kf8 53. h5
Ke8 54. Rb5 Kf7 55. Ng6 Nxg6 56. hxg6+ Kxg6 1/2-1/2

[Event "ch-ISR w 2014"]
[Site "Beer-Sheva ISR"]
[Date "2014.06.25"]
[Round "8.3"]
[White "Tsifanskaya, Ludmila A"]
[Black "Reprun, Nadejda"]
[Result "1-0"]
[WhiteTitle "WIM"]
[WhiteElo "2113"]
[BlackElo "2109"]
[WhiteFideId "2802368"]
[BlackFideId "2806843"]
[EventDate "2014.05.17"]

1. e4 c6 2. d4 d5 3. e5 c5 4. c4 cxd4 5. Qxd4 Nc6 6. Qxd5 Qxd5 7. cxd5 Nxe5 8.
Bf4 Ng6 9. Bg3 e5 10. dxe6 Bxe6 11. Bb5+ Bd7 12. Bxd7+ Kxd7 13. Nc3 Bb4 14.
O-O-O+ Ke8 15. Nd5 Rc8+ 16. Kb1 Ba5 17. Nf3 N8e7 18. h4 h5 19. b4 Bd8 20. Rhe1
f6 21. Bd6 Kf7 22. Nxe7 Nxe7 23. Bxe7 Bxe7 24. Rd7 Rhe8 25. Rxb7 Kf8 26. a3 a5
27. bxa5 Bc5 28. Rxe8+ Rxe8 29. Rb5 Bxf2 30. Rxh5 Kf7 31. Rb5 g6 32. Ka2 Ke6 33.
Rb2 Be3 34. Re2 Kd5 35. Ne1 Re4 36. Nc2 Bg1 37. Nb4+ Ke5 38. Nc6+ Kf4 39. Rxe4+
Kxe4 40. Ne7 Bf2 41. Nxg6 Kf5 42. h5 Kg5 43. g4 Be3 44. a6 f5 45. gxf5 Kxh5 46.
Ne7 Kg5 47. Nc6 Kxf5 48. a7 Bxa7 49. Nxa7 Ke5 50. Nb5 Kd5 51. Kb3 Kc6 52. Kb4
Kb6 53. a4 Ka6 54. a5 Kb7 55. Nc3 Ka6 56. Ka4 Ka7 57. Kb5 Kb7 58. a6+ Ka7 59.
Nd5 1-0

[Event "ch-ISR w 2014"]
[Site "Beer-Sheva ISR"]
[Date "2014.06.25"]
[Round "8.4"]
[White "Len, Irina"]
[Black "Haitovich, Avital"]
[Result "1-0"]
[WhiteElo "2143"]
[BlackElo "1870"]
[WhiteFideId "2805715"]
[BlackFideId "2800306"]
[EventDate "2014.05.17"]

1. d4 d5 2. Nf3 Nf6 3. e3 e6 4. Bd3 c5 5. b3 Nc6 6. a3 Bd6 7. Bb2 O-O 8. O-O Qc7
9. c4 cxd4 10. exd4 b6 11. Nbd2 e5 12. cxd5 Nxd4 13. Rc1 Qb8 14. Nxd4 exd4 15.
h3 Bf4 16. Bxd4 Nxd5 17. Qh5 h6 18. Qxd5 Bxd2 19. Rcd1 Bf4 20. Be4 Ba6 21. Qf5
Re8 22. Qh7+ Kf8 23. Qxg7+ Ke7 24. Bf6+ 1-0

[Event "ch-ISR w 2014"]
[Site "Beer-Sheva ISR"]
[Date "2014.06.25"]
[Round "8.5"]
[White "Vardi, Shlomit"]
[Black "Altshul, Limor"]
[Result "0-1"]
[WhiteElo "1974"]
[BlackElo "1886"]
[WhiteFideId "2801442"]
[BlackFideId "2812550"]
[EventDate "2014.05.17"]

1. e4 c5 2. Nf3 d6 3. Bc4 Nf6 4. d3 Nc6 5. h3 e6 6. Bb3 Be7 7. c3 O-O 8. O-O d5
9. e5 Nd7 10. Re1 f6 11. exf6 Nxf6 12. Nbd2 Qc7 13. Nf1 Bd6 14. a4 Kh8 15. Ng5
e5 16. Ne3 Ne7 17. Qe2 h6 18. Nf3 Be6 19. Bc2 Ng6 20. Nf1 Rae8 21. Be3 d4 22.
Bc1 Bd5 23. c4 Bc6 24. Qd1 e4 25. dxe4 Nxe4 26. Re2 Bf4 27. Qe1 Bxc1 28. Rxc1
Nf4 29. Rxe4 d3 30. Rxe8 Rxe8 31. Ne3 Ne2+ 32. Kh1 Nxc1 33. Qxc1 dxc2 34. Qxc2
Bxf3 35. gxf3 Qf4 36. Qd1 Rf8 37. Kg2 Qd4 38. Qc2 Rd8 39. Qf5 b6 40. Ng4 Qd7 41.
Qf4 Qd4 42. Qf5 Qd3 43. Qf7 Qd6 44. Qxa7 h5 45. Ne3 Qg6+ 46. Kf1 Rd6 47. f4 Qb1+
48. Ke2 Qxb2+ 49. Kf3 Rd2 50. Qa8+ Kh7 51. Qe4+ g6 52. Qe7+ Qg7 53. Qe8 Qd7 54.
Qxd7+ Rxd7 55. Nd5 Rd6 56. Ke4 Re6+ 57. Kf3 Kg7 58. Kg3 Rd6 59. Kf3 Kf7 60. Ke4
Ke6 61. h4 Rc6 62. Ne3 Rc8 63. Nd5 Rb8 64. Ne3 Ra8 65. Nd5 Rxa4 66. Kd3 Ra3+ 67.
Ke4 Rb3 68. Nc7+ Kd6 69. Nd5 b5 70. cxb5 Rxb5 71. Nc3 Rb4+ 72. Ke3 Ke6 73. Kd3
Rxf4 0-1

[Event "ch-ISR w 2014"]
[Site "Beer-Sheva ISR"]
[Date "2014.06.25"]
[Round "9.1"]
[White "Altshul, Limor"]
[Black "Vasiliev, Olga"]
[Result "0-1"]
[BlackTitle "WIM"]
[WhiteElo "1886"]
[BlackElo "2261"]
[WhiteFideId "2812550"]
[BlackFideId "2807602"]
[EventDate "2014.05.17"]

1. d4 Nf6 2. Nf3 g6 3. Bg5 Bg7 4. e3 d6 5. Bd3 O-O 6. Nbd2 c5 7. c3 Nc6 8. Qc2
a6 9. h4 h5 10. Bxf6 exf6 11. dxc5 dxc5 12. Ne4 Qe7 13. O-O-O b5 14. Ng3 Be6 15.
Be4 Rac8 16. Kb1 Rfe8 17. Bd5 a5 18. Bxe6 Qxe6 19. Rd2 b4 20. Rhd1 bxc3 21. Rd6
Qc4 22. Qxc3 Qb5 23. Qd3 Qb8 24. Rd7 f5 25. Rd2 c4 26. Qd5 Ne7 27. Qb7 c3 28.
bxc3 Bxc3 29. Rc2 Red8 30. Rxd8+ Rxd8 31. Qxb8 Rxb8+ 32. Kc1 Bf6 33. Ne2 Nd5 34.
Rc5 Nb4 35. Rxa5 Nd3+ 36. Kc2 Nxf2 37. Ned4 Rc8+ 38. Kd2 Ne4+ 39. Ke2 Rb8 40. a4
Rb2+ 41. Kf1 Nc3 42. Ra8+ Kg7 43. a5 Nd5 44. Re8 Ra2 45. Nc6 Bc3 46. Nfd4 Bd2
47. e4 Ne3+ 48. Kf2 f4 49. Re7 Bb4+ 0-1

[Event "ch-ISR w 2014"]
[Site "Beer-Sheva ISR"]
[Date "2014.06.25"]
[Round "9.2"]
[White "Haitovich, Avital"]
[Black "Vardi, Shlomit"]
[Result "1-0"]
[WhiteElo "1870"]
[BlackElo "1974"]
[WhiteFideId "2800306"]
[BlackFideId "2801442"]
[EventDate "2014.05.17"]

1. e4 d6 2. d4 Nf6 3. Nc3 g6 4. Nf3 Bg7 5. h3 c6 6. a4 b6 7. Be3 O-O 8. Be2 Qc7
9. O-O Nbd7 10. Qd2 Bb7 11. Nh2 e5 12. f3 a6 13. Rad1 exd4 14. Bxd4 d5 15. exd5
cxd5 16. Ng4 Rae8 17. Rfe1 h5 18. Ne3 Qg3 19. Nexd5 Bxd5 20. Bf2 Qc7 21. Nxd5
Nxd5 22. Qxd5 Nc5 23. a5 Re5 24. Bg3 Rxd5 25. Bxc7 Rxd1 26. Rxd1 b5 27. b3 Ne6
28. Bb6 Rc8 29. c4 Nf4 30. Bf1 bxc4 31. Bxc4 Rc6 32. Rd2 Kf8 33. Bxa6 Bc3 34.
Rd8+ Ke7 35. Bb5 Rd6 36. Re8+ Kf6 37. Re4 Ne6 38. Bc4 Rd1+ 39. Kf2 Ra1 40. Bxe6
fxe6 41. Ra4 1-0

[Event "ch-ISR w 2014"]
[Site "Beer-Sheva ISR"]
[Date "2014.06.25"]
[Round "9.3"]
[White "Reprun, Nadejda"]
[Black "Len, Irina"]
[Result "1-0"]
[WhiteElo "2109"]
[BlackElo "2143"]
[WhiteFideId "2806843"]
[BlackFideId "2805715"]
[EventDate "2014.05.17"]

1. e4 d5 2. exd5 Qxd5 3. Nf3 Nf6 4. Be2 a6 5. d4 g6 6. O-O Bg7 7. Bf4 Qd8 8. h3
O-O 9. c4 Nbd7 10. Nc3 b6 11. Ne5 Bb7 12. Bf3 Bxf3 13. Qxf3 Nxe5 14. Bxe5 Qd7
15. Rfe1 b5 16. b3 Rab8 17. Qe2 Rfe8 18. Rad1 Qc6 19. Rc1 Bh6 20. Rc2 Nd7 21.
cxb5 axb5 22. Ne4 Qd5 23. Bxc7 Rbc8 24. Bg3 Rxc2 25. Qxc2 f5 26. Nd6 Rf8 27.
Rxe7 f4 28. Rxd7 fxg3 29. fxg3 Qxd4+ 30. Kh2 Be3 31. h4 Qa1 32. Rf7 Rxf7 33.
Nxf7 Bg1+ 34. Kh3 Kxf7 35. Qc7+ Ke6 36. Qc6+ Ke5 37. Qxb5+ Ke4 38. Qb7+ Kd3 39.
Qxh7 Qf6 40. h5 Qe6+ 41. g4 Qe3+ 42. g3 Qf3 43. Qxg6+ Kc3 44. g5 Bf2 45. Qf6+ 1-0

[Event "ch-ISR w 2014"]
[Site "Beer-Sheva ISR"]
[Date "2014.06.25"]
[Round "9.4"]
[White "Brusilovski, Lena"]
[Black "Tsifanskaya, Ludmila A"]
[Result "1/2-1/2"]
[BlackTitle "WIM"]
[WhiteElo "2006"]
[BlackElo "2113"]
[WhiteFideId "2803216"]
[BlackFideId "2802368"]
[EventDate "2014.05.17"]

1. e4 c5 2. Nf3 Nc6 3. d4 cxd4 4. Nxd4 g6 5. c4 Bg7 6. Nc2 d6 7. Nc3 Nf6 8. Be2
O-O 9. O-O b6 10. Be3 Bb7 11. f3 Rc8 12. Rc1 Na5 13. b3 Nd7 14. Qd2 Re8 15. Rfd1 1/2-1/2

[Event "ch-ISR w 2014"]
[Site "Beer-Sheva ISR"]
[Date "2014.06.25"]
[Round "9.5"]
[White "Caspi, Tamar"]
[Black "Bejashvili, Irma"]
[Result "1/2-1/2"]
[WhiteElo "1701"]
[BlackElo "1736"]
[WhiteFideId "2811421"]
[BlackFideId "2810662"]
[EventDate "2014.05.17"]

1. e4 c5 2. Nc3 Nc6 3. g3 g6 4. Bg2 Bg7 5. d3 Rb8 6. f4 d6 7. Nf3 b5 8. O-O b4
9. Nd5 Ba6 10. f5 Nf6 11. Nxf6+ Bxf6 12. g4 O-O 13. h4 c4 14. g5 Bg7 15. h5 cxd3
16. cxd3 Ne5 17. Nxe5 dxe5 18. Rf3 gxf5 19. exf5 e4 20. Rg3 Bd4+ 21. Kh1 Bf2 22.
Rh3 Bxd3 23. g6 e3 24. Bxe3 Bxe3 25. Rxe3 Bxf5 26. gxh7+ Kxh7 27. Qf3 e6 28. Qf4
Rg8 29. Be4 Qg5 30. Bxf5+ exf5 31. Qxg5 Rxg5 32. Rg1 Rxh5+ 33. Kg2 Rg5+ 34. Rg3
f6 35. Kf3 Rbg8 36. Rh3+ Kg7 37. Rc1 Kg6 38. Rc7 Rg7 39. Rc8 Rg1 40. Rb8 a5 41.
Ra8 Rf1+ 42. Ke2 Rf4 43. Rg3+ Rg4 44. Rh3 Re7+ 45. Kf3 Rd7 46. Rhh8 Rc4 47.
Rhg8+ Rg7 48. Rxg7+ Kxg7 49. Rxa5 Kg6 50. Ra8 f4 51. Rg8+ Kf5 52. Rh8 Ke5 53.
Rh5+ f5 54. Rh8 Re4 55. Re8+ Kd4 56. Rd8+ Kc4 57. Rf8 1/2-1/2